000 00655nam a2200205 i 4500
001 107943
003 ES-MaACL
005 20250829080501.0
007 t|
008 070103s1970 sp |||| | spa d
080 _a821.134.2-32"19"
100 1 _aDíaz-Cañabate, Antonio,
_d1898-1980
_944194
245 1 0 _aPaseíllo por el planeta de los toros /
_cAntonio Díaz-Cañabate.
260 _a[Madrid] :
_bSalvat,
_c[1970]
300 _a180 p. ;
_c19 cm.
490 1 _aBiblioteca básica Salvat de libros RTV ;
_v54
830 0 0 _aBiblioteca básica Salvat de libros RTV
_v54
_9185398
852 _aES-MaACL
_jE-2975
999 _c107943
_d107943